000 00563nam a22002057a 4500
003 OSt
005 20180424152643.0
008 180424b xxu||||| |||| 00| 0 eng d
020 _a9780071086554
040 _cDDC.
082 _a596KAR 2012
100 _aKardong,V.Kenneth;
_912627
245 _aVertebrates;
_bomparative Anatomy ,function ,evolution;
250 _a6th ed.
260 _aNew York,McGraw Hill;2012.
300 _axix,797p;
_bill:
_c26cm.
504 _aincludes Appendix, Credits and index.
650 _aBiology.
_95602
942 _2ddc
_cO_SHELF
999 _c6100
_d6100